000 00336nam a2200145Ia 4500
100 _aIyer/Sriram V/ Gupta/Pankaj
942 _cBK
366 _f15
654 _aembedded real time
245 _aEmbedded Real time system programming
260 _bTata Mc Graw hill
_c2004
082 _a3.3
_bIYE
300 _a321
546 _aENGLISH
999 _c31062
_d31062